[Event "EU-ch U10 27th"]
[Site "Mamaia"]
[Date "2017.09.08"]
[Round "4"]
[White "Khantadze, Mikheili"]
[Black "Shi, William1111"]
[Result "1-0"]
[WhiteElo "1341"]
[BlackElo "1393"]
[PlyCount "83"]
[EventDate "2017.09.05"]
[EventType "swiss"]
[EventRounds "9"]
[EventCountry "ROU"]
[SourceTitle "CBM 180 Extra"]
[Source "ChessBase"]
[SourceDate "2017.10.06"]
[SourceVersion "1"]
[SourceVersionDate "2017.10.06"]
[SourceQuality "1"]

1. d4 Nf6 2. Nf3 g6 3. c4 Bg7 4. Nc3 d5 5. Bg5 c6 6. e3 0-0 7. Bd3 dxc4 8. Bxc4 b5 9. Bd3 Be6 10. 0-0 Nbd7 11. Rc1 Qb6 12. Qc2 Rfc8 13. Rfd1 Qb7 14. Ne4 Bf8 15. Nc5 Nxc5 16. dxc5 a5 17. Bxf6 exf6 18. Nd4 a4 19. Nxe6 fxe6 20. Rd2 a3 21. b3 b4 22. Rcd1 Qe7 23. Bc4 Rc7 24. Qe4 Re8 25. Rd6 f5 26. Rxe6 Kh8 27. Rxe7 Rexe7 28. Qd4+ Rg7 29. Qd8 Rcf7 30. Bxf7 Rxf7 31. Rd7 Kg8 32. Rxf7 Kxf7 33. Qd7+ Be7 34. Qxc6 g5 35. Qd5+ Kf6 36. c6 Kg6 37. Qe6+ Bf6 38. c7 h6 39. c8R f4 40. Rg8+ Kh5 41. h3 fxe3 42. Qg4# 1-0